1175 1671 1257 1407 1789 1214 1864 1168 1244 1914 1909 1476 1443 1515 1554 1478 1957 1950 1621 1431 1649 1313 1303 1958 1366 1288 1383 1872 1489 1601 1521 1772 1228 1692 1077 1260 1768 1238 1055 1617 1067 1696 1670 1276 1953 1201 1958 1952 1695 1035 1767 1499 1870 1604 1934 1346 1126 1450 1609 1955 1604 1035 1129 1747 1631 1597 1078 1932 1833 1873 1758 1766 1261 1680 1944 1431 1791 1109 1454 1745 1639 1483 1438 1665 1951 1036 1757 1592 1019 1888 1908 1511 1786 1619 1476 1325 1706 1832 1222 BCNSPRNW ULIB Ver.6.0+V

เปลี่ยนเป็นภาษาไทย

Change to English
 แสดงรายละเอียดบรรณานุกรม
  กลับหน้าหลัก

Brief Record : Get Marc (ISO 2709) : E-mail record : QR code < ปิดหน้าต่าง
LEADER : 00000nam 2200000uu 4500
001    13399111925
003     ULIB
008    110627s2551||||th 000 0 tha d
020    9789741000913
090    นว.^bต393ส 2551
100 0  ติยาภัทร
245 00 สุดรอยทราย ใต้เงาจันทร์/^cติยาภัทร
260    กรุงเทพฯ :^bcome on,^c2551
300    320 หน้า
710 1  come on
945    ^p220^l0^i023600
995    ทศพร
999 ^a ใช้งานได้ทุกระบบ
รายการนี้ยังไม่มีแท็ก
คุณยังไม่ได้ล็อกอิน คุณสามารถมีกิจกรรมร่วมกับเว็บไซต์ได้ แต่ต้องล็อกอินก่อน ::
  ล็อกอิน

รายการสื่อสารสนเทศ

ลำดับที่ ประเภท เลขเรียก/บาร์โค้ด สถานที่ สถานะ
- ไม่พบข้อมูล -

BibComment


ยังไม่เคยถูกคอมเมนท์

คอมเมนท์ทรัพยากรรายการนี้
  คอมเมนท์: สุดรอยทราย ใต้เงา..


 Copyright 2026. Bcnsprnw @Library